000 02498cam a22003497a 4500
999 _c4821
_d4821
001 13257615
005 20181218112244.0
008 000429s2000 ctua b 001 0 eng d
010 _a 2003440835
020 _a0072371935
035 _a(OCoLC)ocm43952718
040 _aTNT
_cTNT
_dPSM
_dDLC
042 _alccopycat
050 0 0 _aRC454
_b.T286 2000
082 _22000
_aDC 616.89
_bH13t
245 0 0 _aTaking sides:
_pclashing views on controversial issues in abnormal psychology/
_cedited, selected, and with introductions by Richard P. Halgin.
246 3 0 _a
250 _a1st edition
260 _aGuilford, Conn.:
_bDushkin/McGraw-Hill,
_cc2000.
300 _axxii, 378 pages:
_billustrations;
_c24 cm.
504 _aIncludes bibliographical references and index.
505 0 0 _tIs the DSM-IV a useful classification system? --
_tIs there gender bias in the DSM-IV? --
_tIs multiple personality disorder a valid diagnosis? --
_tDoes attention deficit disorder exist? --
_tIs schizophrenia a biological disorder? --
_tDoes post-abortion syndrome exist? --
_tAre repressed memories valid? --
_tHave Consumer reports researchers proven that psychotherapy helps? --
_tHas too much emphasis been placed on empirically supported therapies? --
_tIs Ritalin overprescribed? --
_tShould psychosurgery be used to treat certain psychological conditions? --
_tDoes media violence promote violent behavior in young people? --
_tIs pornography harmful? --
_tIs the Bell Curve Theory valid? --
_tDoes religious commitment improve mental health? --
_tHas the deinstitutionalization of the mentally ill worked? --
_tShould mental health professionals serve as gatekeepers for physician-assisted suicide? --
_tIs sexual orientation conversion therapy ethical? --
_tIs the abuse excuse overused? --
_tIs electroconvulsive therapy ethical?
650 0 _aPsychology, Pathological
_vMiscellanea.
_933396
650 0 _aMental illness
_vMiscellanea.
_933397
650 0 _aReasoning
_vMiscellanea.
_933398
700 _aHalgin, Richard P.
_915229
_eEditor
856 4 2 _3Publisher description
_uhttp://www.loc.gov/catdir/enhancements/fy0707/2003440835-d.html
856 4 1 _3Table of contents only
_uhttp://www.loc.gov/catdir/enhancements/fy0707/2003440835-t.html
906 _a7
_bcbc
_ccopycat
_d2
_encip
_f20
_gy-gencatlg
942 _2ddc
_cDC